| 000 | 00946nac a22002411u 4500 | ||
|---|---|---|---|
| 008 | 101007t xxu||||| |||| 00| 0 eng d | ||
| 020 | _a0750642718 | ||
| 020 | _a9780750642712 | ||
| 082 |
_a692.5 _bBUC |
||
| 100 |
_aBuchan, Ross D. _920198 |
||
| 245 |
_aEstimating for Builders and Surveyors / _cRoss D. Buchan,F. W. Eric Fleming and Fiona E. K. Grant |
||
| 250 | _a2nd ed. | ||
| 260 |
_aOxford : _b Butterworth-Heinemann , _c2003. |
||
| 300 |
_aix,310 p. : _bill. ; _c25 cm. |
||
| 500 | _aIncludes index | ||
| 600 |
_aGrant, Fiona E. K. _920199 |
||
| 600 |
_aFleming, F. W. _920200 |
||
| 650 |
_aBuilding _x Estimates _z Great Britain _920201 |
||
| 700 |
_920196 _aGrant, Fiona E. K. |
||
| 700 |
_920197 _aFleming, F. W. Eric |
||
| 942 |
_cBB _k692.5 BUC _2ddc |
||
| 999 |
_c2221 _d2221 |
||